Normal view MARC view

Entry Topical Term

Number of records used in: 2

001 - CONTROL NUMBER

  • control field: 68822

003 - CONTROL NUMBER IDENTIFIER

  • control field: dpl

005 - DATE AND TIME OF LATEST TRANSACTION

  • control field: 20240724121041.0

008 - FIXED-LENGTH DATA ELEMENTS

  • fixed length control field: 240724|| aca||aabn | a|a d

040 ## - CATALOGING SOURCE

  • Original cataloging agency: dpl
  • Transcribing agency: dpl

150 ## - HEADING--TOPICAL TERM

  • Topical term or geographic name as entry element:

670 ## - SOURCE DATA FOUND

  • Source citation: Work cat.: (dpl)204359: चौधरी, अमिताभ शंकर राय 68821, ध्रुव की गाड़ी /, 2023

© Delhi Public Library
Hit Counter
free hit counter